|
|
|
|
| LEADER |
00000nam0a2200000 4500 |
| 001 |
56823 |
| 005 |
20231031053740.0 |
| 010 |
|
|
|a 5881963032
|
| 035 |
|
|
|a (RuTPU)RU\TPU\book\59683
|
| 090 |
|
|
|a 56823
|
| 100 |
|
|
|a 20031010d1997 m y0rusy50 ca
|
| 101 |
0 |
|
|a rus
|
| 102 |
|
|
|a RU
|
| 105 |
|
|
|a a z 000ay
|
| 200 |
1 |
|
|a Ледокол
|a День "М"
|e Романы
|f В. Суворов
|
| 210 |
|
|
|a Москва
|c АСТ
|d 1997
|
| 215 |
|
|
|a 576 с.
|c ил.
|
| 610 |
1 |
|
|a русская литература
|
| 610 |
1 |
|
|a романы
|
| 610 |
1 |
|
|a история
|
| 610 |
1 |
|
|a Россия
|
| 675 |
|
|
|a Р2
|v 3
|
| 700 |
|
1 |
|a Суворов
|b В.
|g Виктор
|
| 801 |
|
1 |
|a RU
|b 63413507
|c 20031010
|g PSBO
|
| 801 |
|
2 |
|a RU
|b 63413507
|c 20031027
|g PSBO
|
| 942 |
|
|
|c BK
|